34広島県の市区町村 - Statistics

General Stats
  • This quiz has been taken 121 times
    116 since last reset
  • The average score is 21 of 30
Answer Stats
Answer % Correct
福山市
95%
尾道市
93%
東広島市
92%
広島市中区
90%
呉市
90%
広島市南区
88%
三原市
88%
廿日市市
86%
広島市西区
85%
広島市東区
84%
三次市
81%
庄原市
81%
広島市安佐南区
79%
広島市安佐北区
79%
安芸高田市
77%
竹原市
74%
府中市
74%
大竹市
71%
広島市佐伯区
64%
広島市安芸区
59%
江田島市
56%
安芸郡府中町
56%
安芸郡海田町
56%
安芸郡熊野町
51%
安芸郡坂町
51%
神石郡神石高原町
38%
世羅郡世羅町
36%
山県郡安芸太田町
33%
山県郡北広島町
30%
豊田郡大崎上島町
25%
No matching quizzes found
Score Distribution
Percent of People with Each Score
Percentile by Number Answered
Your Score History
You have not taken this quiz since the last reset